Política y perspectiva : continuidad y cambio en el pensamiento político occidental.

Sábháilte in:
Sonraí bibleagrafaíochta
Príomhchruthaitheoir: Wolin, Sheldon S. (autor)
Rannpháirtithe: Bignami, Ariel, tr (autor) tr, (autor)
Formáid: LEABHAR
Teanga:Spáinnis
Sraith:(Biblioteca de ciencia política)
Ábhair:
Clibeanna: Cuir clib leis
Níl clibeanna ann, Bí ar an gcéad duine le clib a chur leis an taifead seo!

MARC

LEADER 00000cam^a2200000uu^4500
001 000468070
005 20250521000000.0
008 050901s1960^^^^^^^^^^^^rd^r^^000^0^spa^d
009 20260310124502.007
035 |a FCE 000010804 
035 |a FCE 032030 
037 |a Acervo ITESO - Biblioteca 
041 |a spa 
082 0 4 |a 320  |b WOLp 
100 |a Wolin, Sheldon S.  |e (autor) 
245 1 0 |a Política y perspectiva :  |b continuidad y cambio en el pensamiento político occidental. 
264 |a Buenos Aires :  |b Amorrortu,  |c 1960. 
300 |a 478 p. 
336 |a texto  |b txt  |2 rdacontenido 
337 |a sin mediación  |b n  |2 rdamedio 
338 |a volumen  |b nc  |2 rdasoporte 
440 0 |a (Biblioteca de ciencia política) 
596 |a Traducción de: politics and visión. continuity and innovation in western polítical thought 
649 |a XX 
650 |a Ideología 
650 |a Política 
650 |a Filosofía 
650 |a Teoría política 
650 |a Papel de la iglesia 
700 |a Bignami, Ariel,  |e tr  |e (autor) 
910 |a Fondo Centro de Estudios Educativos 
920 |a Impresos - Libros 
930 |a Fondos Especiales 
905 |a 133 
901 |a ALE032030  |b IT2  |c CEE  |u 20250521 
902 |a https://opac.biblio.iteso.mx/vufind/Record/000468070